[Event "Katowice POL-HUN 10th"]
[Site "Katowice"]
[Date "2023.09.10"]
[Round "9"]
[White "Bartel, Mateusz"]
[Black "Zochowski, Kacper"]
[Result "1-0"]
[WhiteElo "2621"]
[BlackElo "2256"]
[PlyCount "109"]
[EventDate "2023.09.09"]
[EventType "swiss (rapid)"]
[EventRounds "9"]
[EventCountry "POL"]
[SourceTitle "EXT 2024"]
[Source "ChessBase"]
[SourceDate "2023.10.10"]
[SourceVersion "1"]
[SourceVersionDate "2023.10.10"]
[SourceQuality "1"]

1. e4 d6 2. d4 Nf6 3. Nc3 e5 4. Nf3 Nbd7 5. Bc4 Be7 6. 0-0 0-0 7. a4 c6 8. Qe2 Qc7 9. Ba2 b6 10. Rd1 a6 11. dxe5 dxe5 12. Nh4 Nc5 13. Nf5 Bxf5 14. exf5 b5 15. Bg5 h6 16. Bxf6 Bxf6 17. Ne4 Nxe4 18. Qxe4 Rad8 19. g3 Qb6 20. Bb3 c5 21. Bd5 c4 22. b3 cxb3 23. Bxb3 Rd4 24. Rxd4 exd4 25. axb5 axb5 26. Ra8 Rxa8 27. Qxa8+ Qd8 28. Qb7 Qe7 29. Qxb5 Qe1+ 30. Kg2 Qe4+ 31. f3 Qe7 32. h4 Kh7 33. Kh3 d3 34. Qxd3 h5 35. Kg2 Qc7 36. Qd5 Qe7 37. Bc4 Kg8 38. Kh3 Bc3 39. f4 Bf6 40. Qf3 Qc7 41. Bb3 Qd7 42. Qxh5 Bc3 43. Bc4 Bf6 44. Kh2 Bd4 45. Qf3 Bf6 46. Qd5 Qe7 47. Kh3 Qa7 48. Bb3 Qe7 49. Bc4 Qc7 50. Qe4 Qd7 51. Qa8+ Kh7 52. Qd5 Qc8 53. Qxf7 Qxf5+ 54. g4 Qxc2 55. Qh5# 1-0

[Event "Titled Tuesday intern op 27th Jun Early"]
[Site "Chess.com INT"]
[Date "2023.06.27"]
[Round "5"]
[White "Zochowski, Kacper"]
[Black "Sethuraman, SP."]
[Result "1/2-1/2"]
[WhiteElo "2252"]
[BlackElo "2606"]
[PlyCount "111"]
[EventDate "2023.06.27"]
[EventType "swiss (blitz)"]
[EventRounds "11"]
[EventCountry "USA"]
[SourceTitle "EXT 2024"]
[Source "ChessBase"]
[SourceDate "2023.10.10"]
[SourceVersion "1"]
[SourceVersionDate "2023.10.10"]
[SourceQuality "1"]

1. Nf3 d5 2. c4 e6 3. g3 Nf6 4. Bg2 d4 5. 0-0 Nc6 6. b3 e5 7. Bb2 e4 8. Ng5 Bf5 9. d3 exd3 10. exd3 Be7 11. Qe2 0-0 12. Nd2 Re8 13. Nge4 Bb4 14. Qd1 a5 15. Nxf6+ Qxf6 16. Ne4 Bxe4 17. Bxe4 Bc3 18. Qc1 Ne5 19. Kg2 Bxb2 20. Qxb2 Rad8 21. Rae1 g6 22. h3 c6 23. Qd2 b6 24. c5 bxc5 25. Qxa5 Qd6 26. Qd2 f5 27. f4 fxe4 28. fxe5 Rxe5 29. Rxe4 Rxe4 30. dxe4 d3 31. Rf3 Qd4 32. Re3 c4 33. bxc4 Qxc4 34. h4 Qc2 35. Qxc2 dxc2 36. Rc3 Rd2+ 37. Kh3 Kf7 38. Rxc6 Ke7 39. a4 Kd7 40. Rc4 Ke6 41. a5 Ke5 42. a6 Rd6 43. Rxc2 Rxa6 44. Rc7 h5 45. Re7+ Kf6 46. Re8 Ra5 47. Kg2 Ra2+ 48. Kf3 Ra1 49. e5+ Kf5 50. e6 Kf6 51. e7 Re1 52. Kf4 Rf1+ 53. Ke3 Re1+ 54. Kf4 Rf1+ 55. Ke3 Re1+ 56. Kf4 1/2-1/2

[Event "Titled Tuesday intern op 27th Jun Early"]
[Site "Chess.com INT"]
[Date "2023.06.27"]
[Round "2"]
[White "Zochowski, Kacper"]
[Black "Vokhidov, Shamsiddin"]
[Result "1-0"]
[WhiteElo "2252"]
[BlackElo "2583"]
[PlyCount "79"]
[EventDate "2023.06.27"]
[EventType "swiss (blitz)"]
[EventRounds "11"]
[EventCountry "USA"]
[SourceTitle "EXT 2024"]
[Source "ChessBase"]
[SourceDate "2023.10.10"]
[SourceVersion "1"]
[SourceVersionDate "2023.10.10"]
[SourceQuality "1"]

1. Nf3 Nf6 2. c4 e6 3. g3 d5 4. Bg2 dxc4 5. Qa4+ Nbd7 6. Qxc4 a6 7. Qb3 c5 8. a4 Bd6 9. d3 0-0 10. a5 Rb8 11. 0-0 b5 12. axb6 Nxb6 13. Na3 Bb7 14. Nc4 Bd5 15. Qc2 Nxc4 16. dxc4 Be4 17. Qc3 Qb6 18. Bg5 Be7 19. Ra2 h6 20. Bf4 Rb7 21. Rfa1 Ra8 22. Ne5 Bxg2 23. Kxg2 Nd7 24. Nxd7 Rxd7 25. Be5 f6 26. Bf4 Rb7 27. Qf3 Bf8 28. Bd2 Rba7 29. Bc3 Rd8 30. Ba5 Qb8 31. Bxd8 Qxd8 32. Rxa6 Re7 33. Ra8 Qd7 34. Rb8 Rf7 35. Raa8 g6 36. Rd8 Qc7 37. Rac8 Qe7 38. Qa8 Kg7 39. Re8 Qd6 40. Rcd8 1-0

[Event "Titled Tuesday intern op 13th Jun Late"]
[Site "Chess.com INT"]
[Date "2023.06.13"]
[Round "3"]
[White "Mekhitarian, Krikor Sevag"]
[Black "Zochowski, Kacper"]
[Result "0-1"]
[WhiteElo "2537"]
[BlackElo "2252"]
[PlyCount "90"]
[EventDate "2023.06.13"]
[EventType "swiss (blitz)"]
[EventRounds "11"]
[EventCountry "USA"]
[SourceTitle "EXT 2024"]
[Source "ChessBase"]
[SourceDate "2023.10.10"]
[SourceVersion "1"]
[SourceVersionDate "2023.10.10"]
[SourceQuality "1"]

1. Nf3 d6 2. d4 Nd7 3. e4 e5 4. Nc3 Ngf6 5. Bc4 Be7 6. 0-0 0-0 7. Re1 c6 8. a4 Qc7 9. h3 h6 10. Be3 b6 11. Qd2 a6 12. b4 Bb7 13. Bb3 c5 14. bxc5 bxc5 15. d5 c4 16. Ba2 Nc5 17. Bxc5 Qxc5 18. Qe2 Rac8 19. Rab1 Rc7 20. Nd2 Qa3 21. Qe3 Rfc8 22. Ra1 Qb2 23. Reb1 Qxc2 24. Rc1 Qd3 25. Qe1 Nd7 26. Bb1 Qd4 27. Nf3 Qa7 28. Bc2 Nc5 29. Rd1 Qb6 30. a5 Qb2 31. Rdc1 Nb3 32. Rab1 Qa3 33. Rd1 Qxa5 34. Ne2 Qxe1+ 35. Rxe1 Nc5 36. Nc3 Bg5 37. h4 Bf6 38. g3 Nb3 39. Ne2 Nd4 40. Nexd4 exd4 41. Ba4 d3 42. Bc6 Bxc6 43. dxc6 Rxc6 44. Red1 c3 45. Rxd3 c2 0-1

[Event "Titled Tuesday intern op 13th Jun Late"]
[Site "Chess.com INT"]
[Date "2023.06.13"]
[Round "4"]
[White "Zochowski, Kacper"]
[Black "Aravindh, Chithambaram VR"]
[Result "0-1"]
[WhiteElo "2252"]
[BlackElo "2627"]
[PlyCount "70"]
[EventDate "2023.06.13"]
[EventType "swiss (blitz)"]
[EventRounds "11"]
[EventCountry "USA"]
[SourceTitle "EXT 2024"]
[Source "ChessBase"]
[SourceDate "2023.10.10"]
[SourceVersion "1"]
[SourceVersionDate "2023.10.10"]
[SourceQuality "1"]

1. Nf3 d5 2. c4 dxc4 3. e3 Nf6 4. Bxc4 e6 5. 0-0 a6 6. Qe2 b5 7. Bb3 Bb7 8. d4 Nbd7 9. Rd1 Bd6 10. Nc3 b4 11. Nb1 Qe7 12. Nbd2 c5 13. e4 Bc7 14. Ba4 0-0 15. Bxd7 Nxd7 16. Nc4 cxd4 17. Nxd4 Rac8 18. Nf3 h6 19. b3 a5 20. Bb2 Ba6 21. Qd2 Rfd8 22. Rac1 Nb6 23. Qe3 Rxd1+ 24. Rxd1 Bxc4 25. Bd4 Nd5 26. exd5 Bxd5 27. Rc1 Bxf3 28. gxf3 Bxh2+ 29. Kxh2 Rxc1 30. Qxc1 Qh4+ 31. Kg2 Qxd4 32. Qc8+ Kh7 33. Qc7 Qf6 34. Qxa5 Qg5+ 35. Kf1 Qxa5 0-1

[Event "Titled Tuesday intern op 28th Feb Late"]
[Site "Chess.com INT"]
[Date "2023.02.28"]
[Round "2"]
[White "Zochowski, Kacper"]
[Black "Argandona Riveiro, Inigo"]
[Result "1-0"]
[WhiteElo "2262"]
[BlackElo "2353"]
[PlyCount "105"]
[EventDate "2023.02.28"]
[EventType "swiss (blitz)"]
[EventRounds "11"]
[EventCountry "USA"]
[SourceTitle "CBM 213 Extra"]
[Source "ChessBase"]
[SourceDate "2023.05.31"]
[SourceVersion "1"]
[SourceVersionDate "2023.05.31"]
[SourceQuality "1"]

1. Nf3 d6 2. d4 Nf6 3. c4 Nbd7 4. Bf4 g6 5. Nc3 Bg7 6. Qd2 0-0 7. Bh6 c5 8. d5 Ne5 9. Nxe5 dxe5 10. h4 e6 11. h5 exd5 12. Bxg7 Kxg7 13. hxg6 fxg6 14. Qh6+ Kg8 15. Nxd5 Rf7 16. 0-0-0 Nxd5 17. Rxd5 Qf6 18. f3 Be6 19. Rxc5 Rd8 20. e4 Qe7 21. Qe3 b6 22. Rb5 Qd7 23. Be2 Rc8 24. Qc3 Qxb5 25. cxb5 Rxc3+ 26. bxc3 Bxa2 27. Kd2 Rd7+ 28. Ke3 Rc7 29. Rc1 Bc4 30. Bxc4+ Rxc4 31. Kd3 Ra4 32. c4 Kf7 33. c5 Ra3+ 34. Ke2 Ra2+ 35. Ke3 bxc5 36. Rxc5 Kf6 37. Rc7 h5 38. g3 Ra3+ 39. Kf2 Ra5 40. Rc6+ Kf7 41. Rc5 Kf6 42. f4 Ra2+ 43. Kg1 Ra1+ 44. Kg2 Ra2+ 45. Kh3 exf4 46. gxf4 Ra3+ 47. Kh2 Rf3 48. e5+ Kf5 49. Rc4 Rb3 50. Rc6 Kxf4 51. e6 Re3 52. Ra6 g5 53. Kg2 1-0

[Event "Titled Tuesday intern op 21st Feb Late"]
[Site "Chess.com INT"]
[Date "2023.02.21"]
[Round "10"]
[White "Bilych, Olexiy"]
[Black "Zochowski, Kacper"]
[Result "1-0"]
[WhiteElo "2411"]
[BlackElo "2262"]
[PlyCount "89"]
[EventDate "2023.02.21"]
[EventType "swiss (blitz)"]
[EventRounds "11"]
[EventCountry "USA"]
[SourceTitle "CBM 212 Extra"]
[Source "ChessBase"]
[SourceDate "2023.03.31"]
[SourceVersion "1"]
[SourceVersionDate "2023.03.31"]
[SourceQuality "1"]

1. h4 h5 2. e4 e5 3. d4 d6 4. Nf3 Bg4 5. dxe5 Bxf3 6. Qxf3 dxe5 7. Bc4 Nf6 8. Bg5 Nbd7 9. Nc3 c6 10. 0-0 Be7 11. Ne2 0-0 12. Ng3 g6 13. Rad1 Ng4 14. Nf5 Bxg5 15. hxg5 Qxg5 16. Rxd7 gxf5 17. exf5 b5 18. Bb3 Rfd8 19. Rxf7 Qh4 20. Qh3 Qxh3 21. gxh3 Nh6 22. Rf6+ Kh7 23. Rxc6 Nxf5 24. c3 Rd2 25. Rd1 Rad8 26. Rxd2 Rxd2 27. Rc5 Nh4 28. Rxb5 Kh6 29. Bd5 Rd1+ 30. Kh2 Rd2 31. Kg3 Kg5 32. Be4 Re2 33. Rxe5+ Kf6 34. Re8 Kg5 35. f4+ Kf6 36. Kxh4 Rxb2 37. Bd5 Rf2 38. Bb3 Rxf4+ 39. Kxh5 Kg7 40. Rg8+ Kh7 41. Rg4 Rf3 42. Kh4 a5 43. Ra4 Rf5 44. Bc2 Kh8 45. Bxf5 1-0

[Event "Titled Tuesday intern op 21st Feb Late"]
[Site "Chess.com INT"]
[Date "2023.02.21"]
[Round "4"]
[White "Perske, Thore"]
[Black "Zochowski, Kacper"]
[Result "1-0"]
[WhiteElo "2434"]
[BlackElo "2262"]
[PlyCount "81"]
[EventDate "2023.02.21"]
[EventType "swiss (blitz)"]
[EventRounds "11"]
[EventCountry "USA"]
[SourceTitle "CBM 212 Extra"]
[Source "ChessBase"]
[SourceDate "2023.03.31"]
[SourceVersion "1"]
[SourceVersionDate "2023.03.31"]
[SourceQuality "1"]

1. e4 d6 2. Nf3 Nf6 3. d3 e5 4. g3 Be7 5. Bg2 0-0 6. 0-0 c6 7. a4 Nbd7 8. Nc3 Re8 9. h3 Bf8 10. Nh2 Qc7 11. f4 b6 12. f5 Bb7 13. g4 Nc5 14. g5 Nfd7 15. h4 a6 16. b4 Nxa4 17. Rxa4 a5 18. bxa5 b5 19. Ra1 b4 20. Ne2 d5 21. Ng4 Nc5 22. Be3 dxe4 23. dxe4 Rxa5 24. h5 b3 25. cxb3 Rxa1 26. Qxa1 Nxb3 27. Qc3 Nd4 28. Nxd4 exd4 29. Bxd4 c5 30. Be5 Qb6 31. h6 c4+ 32. Kh1 Bb4 33. Qg3 Bxe4 34. Bxe4 c3 35. hxg7 c2 36. Bxc2 Qc6+ 37. Qg2 Rc8 38. Nh6+ Qxh6+ 39. gxh6 Be7 40. Qb7 Bf6 41. Qxc8+ 1-0